banner-ar

اوربا: دروس ونماذج ماذا تعلمنا اوروبا ? تأملات فى التطور التاريخى / (Record no. 47921)

MARC details
000 -الفاتح
حقل البيانات ثابتة الطول 00866nam a2200217Ia 4500
008 - عناصر البيانات ثابتة الطول - معلومات عامة
حقل البيانات ثابتة الطول 140319s9999 xx 000 0 ara d
040 ## - مصدر الفهرسة
وكالة الفهرسة الأصلية GCL /
وكالة النسخ GCL
082 04 - رقم تصنيف ديوى العشرى
رقم التصنيف 338.9
رقم المادة س ا
100 1# - المدخل الرئيسى - إسم شخصى
الإسم الشخصى سنجهاز، ديتر
245 10 - بيان العنوان
العنوان اوربا: دروس ونماذج ماذا تعلمنا اوروبا ? تأملات فى التطور التاريخى /
بيان المسئوليه,etc سنجهاز، ديتر
700 1# - المدخل الاضافى - اسم شخصى
الإسم الشخصى ميشيل كيلو
300 ## - الوصف المادى
التعداد 316 ص
490 ## - بيان السلسلة
عنوان السلسلة دراسات اجتماعية
رقم المجلد/ التعيين التسلسلي 0
650 04 - المدخل الاضافى بالموضوع-مصطلح موضوعى
مصطلح موضوعي اوربا - التنمية الاقتصادية
650 04 - المدخل الاضافى بالموضوع-مصطلح موضوعى
مصطلح موضوعي فنلندا, التنمية الاقتصادية
650 04 - المدخل الاضافى بالموضوع-مصطلح موضوعى
مصطلح موضوعي نيوزلندا, التنمية الاقتصادية
650 04 - المدخل الاضافى بالموضوع-مصطلح موضوعى
مصطلح موضوعي الدنمارك، التنمية الاقتصادية
650 04 - المدخل الاضافى بالموضوع-مصطلح موضوعى
مصطلح موضوعي كورياالجنوبية - التنميةالاقتصادي
942 ## - عناصر المدخل الإضافي( كوها)
مصدر التصنيف او مخطط الترفيف Dewey Decimal Classification
Koha [default] item type كتاب
Holdings
حالة التراجع حالة الفقد حالة تلف ليس للاعارة المكان المؤقت الموقع الحالى تاريخ الاكتساب اجمالي اﻻعارات رقم الطلب الباركود تاريخ اخر مشاهدة تاريخ تفعيل السعر نوع وعاء كوها
        مكتبة القاهرة الكبرى مكتبة القاهرة الكبرى 03/26/2014   338.9\س ا 115588 03/26/2014 03/26/2014 كتاب
        مكتبة القاهرة الكبرى مكتبة القاهرة الكبرى 03/26/2014   338.9\س ا 115589 03/26/2014 03/26/2014 كتاب

Powered By

EGPV